000 00703nam a2200241Ia 4500
003 OSt
005 20220918174240.0
006 a|||||r|||| 00| 0
007 ta
008 220917b |||||||| |||| 00| 0 eng d
024 _a11,256
037 _cTextual
040 _aARTS
_cARTS
_beng
041 _2eng
_aeng
082 _aMK:4K86:2:K, H9 KD
100 _aMonning H O
_949678
245 0 _aVeterinary helminthology and entomology
_b the diseases of domesticated animals caused by Helminth and arthropod parasites
250 _a3rd
260 _c1949
650 _aLIVESTOCK INDUSTRY
_9196
942 _hMK:4K86:2:K, H9 KD
_cTEXL
_2CC
999 _c152370
_d152370